01477nam a2200385Ia 4500001001200000003000800012006001900020007001500039008004100054010001700095020003900112020003800151020003600189040002100225035002100246050002700267082001200294100002600306245013900332260006100471300001800532490003500550500002000585533015200605600002200757650003800779650002300817650001700840650002000857650002500877655002900902710001700931856012600948999001701074ebr10718812CaPaEBRm o u cr cn|||||||||130401s2013 inu s 001 0 eng d z 2013001956 z9780253009241 (cloth : alk. paper) z9780253009333 (pbk. : alk. paper) z9780253009456 (electronic book) aCaPaEBRcCaPaEBR a(OCoLC)84795145014aB2430.D484bK73 2013eb04a1942231 aKrell, David Farrell.10aDerrida and our animal othersh[electronic resource] :bDerrida's final seminar, "The beast and the sovereign" /cDavid Farrell Krell. aBloomington, Indiana :bIndiana University Press,c2013. axviii, 174 p.0 aStudies in Continental thought aIncludes index. aElectronic reproduction.bPalo Alto, Calif. :cebrary,d2013.nAvailable via World Wide Web.nAccess may be limited to ebrary affiliated libraries.10aDerrida, Jacques. 0aPhilosophy, Frenchy20th century. 0aPower (Philosophy) 0aSovereignty. 0aResponsibility. 0aAnimals (Philosophy) 7aElectronic books.2local2 aebrary, Inc.40uhttp://site.ebrary.com/lib/rucke/Doc?id=10718812zAn electronic book accessible through the World Wide Web; click to view c28044d28044